<?xml version="1.0" encoding="UTF-8"?>
<record
    xmlns:xsi="http://www.w3.org/2001/XMLSchema-instance"
    xsi:schemaLocation="http://www.loc.gov/MARC21/slim http://www.loc.gov/standards/marcxml/schema/MARC21slim.xsd"
    xmlns="http://www.loc.gov/MARC21/slim">

  <leader>00939nam a2200301 i 4500</leader>
  <controlfield tag="005">20260510165622.0</controlfield>
  <controlfield tag="008">260510t20252025my a   gr     000 1 may d</controlfield>
  <datafield tag="020" ind1=" " ind2=" ">
    <subfield code="a">9786294640061</subfield>
    <subfield code="c">RM12.00</subfield>
    <subfield code="q">paperback </subfield>
  </datafield>
  <datafield tag="040" ind1=" " ind2=" ">
    <subfield code="a">PPAK </subfield>
    <subfield code="b">eng</subfield>
    <subfield code="c">PPAK </subfield>
    <subfield code="e">rda</subfield>
  </datafield>
  <datafield tag="082" ind1="0" ind2="4">
    <subfield code="2">23</subfield>
    <subfield code="a">899.2333 </subfield>
  </datafield>
  <datafield tag="090" ind1="0" ind2="0">
    <subfield code="a">899.2333 </subfield>
    <subfield code="b">NOR</subfield>
    <subfield code="d">G</subfield>
  </datafield>
  <datafield tag="100" ind1="0" ind2=" ">
    <subfield code="a">Noor Azlin, </subfield>
    <subfield code="e">author.</subfield>
  </datafield>
  <datafield tag="245" ind1="1" ind2="0">
    <subfield code="a">Miss Storyteller / </subfield>
    <subfield code="c">NOOR AZLIN </subfield>
  </datafield>
  <datafield tag="264" ind1=" " ind2="1">
    <subfield code="a">Batu Caves, SELANGOR : </subfield>
    <subfield code="b">Penerbit X, </subfield>
    <subfield code="c">[2025?] </subfield>
  </datafield>
  <datafield tag="300" ind1=" " ind2=" ">
    <subfield code="a">124 pages :</subfield>
    <subfield code="b">illustrations ; </subfield>
    <subfield code="c">19 cm </subfield>
  </datafield>
  <datafield tag="336" ind1=" " ind2=" ">
    <subfield code="a">text</subfield>
    <subfield code="2">rdacontent</subfield>
  </datafield>
  <datafield tag="337" ind1=" " ind2=" ">
    <subfield code="a">unmediated</subfield>
    <subfield code="2">rdamedia</subfield>
  </datafield>
  <datafield tag="338" ind1=" " ind2=" ">
    <subfield code="a">volume</subfield>
    <subfield code="2">rdacarrier</subfield>
  </datafield>
  <datafield tag="490" ind1="1" ind2=" ">
    <subfield code="a">SIRI PUAKA SEKOLAH </subfield>
  </datafield>
  <datafield tag="650" ind1="1" ind2="0">
    <subfield code="a">Malay fiction </subfield>
  </datafield>
  <datafield tag="650" ind1="2" ind2="0">
    <subfield code="a">Horror tales </subfield>
  </datafield>
  <datafield tag="650" ind1="2" ind2="0">
    <subfield code="a">Ghost stories </subfield>
  </datafield>
  <datafield tag="650" ind1="2" ind2="4">
    <subfield code="a">Malaysia fiction (Malay) </subfield>
  </datafield>
  <datafield tag="700" ind1="0" ind2=" ">
    <subfield code="a">Zaki Zainol, </subfield>
    <subfield code="e">editor. </subfield>
  </datafield>
  <datafield tag="700" ind1="0" ind2=" ">
    <subfield code="a">Beny Maulana, </subfield>
    <subfield code="e">illustrator. </subfield>
  </datafield>
  <datafield tag="830" ind1=" " ind2="0">
    <subfield code="a">Siri puaka sekolah </subfield>
  </datafield>
  <datafield tag="942" ind1=" " ind2=" ">
    <subfield code="2">ddc</subfield>
    <subfield code="c">B</subfield>
  </datafield>
  <datafield tag="999" ind1=" " ind2=" ">
    <subfield code="c">204143</subfield>
    <subfield code="d">204143</subfield>
  </datafield>
</record>
